000
00205 a2200097 4500
001
22679
100
_a
Wales, P
245
_a
World Affairs Since-1919
260
_a
_b
Methuen
_c
1958
090
_c
15328
_d
15328
942
_a
NUST-CAE
_c
M
_c
5923
999
_c
257752
_d
257752